| 000 | 00637nam a2200241Ia 4500 | ||
|---|---|---|---|
| 003 | OSt | ||
| 005 | 20220918180629.0 | ||
| 006 | a|||||r|||| 00| 0 | ||
| 007 | ta | ||
| 008 | 220917b |||||||| |||| 00| 0 eng d | ||
| 024 | _a23,276 | ||
| 037 | _cTextual | ||
| 040 |
_aARTS _cARTS _beng |
||
| 041 |
_2eng _aeng |
||
| 082 | _aO111,3NBE,1, K3 | ||
| 100 |
_aBegner Edith P _956621 |
||
| 245 | 0 | _aRed in the morning | |
| 260 |
_aNew York _bDoubleday & Company USA _c1963 |
||
| 300 |
_a251p. _ccm. |
||
| 650 | _aENGLISH LITERATURE | ||
| 942 |
_hO111,3NBE,1, K3 _cTEXL _2CC |
||
| 999 |
_c162350 _d162350 |
||